පියඹන මල /

Piyabana mala
Saved in:
Bibliographic Details
Main Author: නවරත්න, තිලක
Format: Book
Published: මොරටුව : රුසියාව ප්‍රකාශකයෝ , 2025.
Subjects:
Tags: Add Tag
No Tags, Be the first to tag this record!

MARC

LEADER 00000nam a2200000 4500
003 LK-CoNLD
005 20260406103405.0
008 260218b |||||||| |||| 00| 0 ||| d
015 |2 slnb  |a slnb202601 
017 |a 504970  |b LK-CoDNA 
020 |a 9786245578788 
040 |a LK-CoNLD  |b SIN  |c LK-CoNLD  |d LK-CoNLD 
082 |2 23  |q LK-CoNLD  |a 891.481 
100 |a නවරත්න, තිලක  |9 37673 
245 |6 880-1  |a පියඹන මල /  |c තිලක නවරත්න. 
260 |a මොරටුව :  |b රුසියාව ප්‍රකාශකයෝ ,  |c 2025. 
300 |a පි. 119 : වර්ණ චිත්‍ර ;  |c සෙමි. 21.  |b නූබැ-කාබෝක : රු. 1700.00 
650 0 |a ළමා පද්‍ය, සිංහල  |9 5406 
650 0 |a Children's poetry, Sinhalese  |9 5407 
880 |6 245-1  |a Piyabana mala 
942 |c BOOK 
945 |a 20907  |b Asoka NANAYAKKARA  |c 13  |d Ruwanthi NILMINI 
999 |c 297524  |d 297524